Report Of The Finance Committee On Food, Agriculture And Cocoa Affairs On The Agreement For The Implementation Of The Provision Of the United nations Conventin On The Law Of The Sea Of 10th December,1982 Relating To The Conversation And Management Of Stranding Fish Stocks And Highly Migratory Fish Stocks. (Record no. 4573)

MARC details
000 -LEADER
fixed length control field 00746nam a22001697a 4500
003 - CONTROL NUMBER IDENTIFIER
control field OSt
005 - DATE AND TIME OF LATEST TRANSACTION
control field 20241002125451.0
008 - FIXED-LENGTH DATA ELEMENTS--GENERAL INFORMATION
fixed length control field 241002b |||||||| |||| 00| 0 eng d
041 ## - LANGUAGE CODE
Language code of text/sound track or separate title English
082 ## - DEWEY DECIMAL CLASSIFICATION NUMBER
Classification number CR/MOS/16 Acc.no. 10,065
110 ## - MAIN ENTRY--CORPORATE NAME
Corporate name or jurisdiction name as entry element Parliament Of Ghana
245 ## - TITLE STATEMENT
Title Report Of The Finance Committee On Food, Agriculture And Cocoa Affairs On The Agreement For The Implementation Of The Provision Of the United nations Conventin On The Law Of The Sea Of 10th December,1982 Relating To The Conversation And Management Of Stranding Fish Stocks And Highly Migratory Fish Stocks.
260 ## - PUBLICATION, DISTRIBUTION, ETC.
Place of publication, distribution, etc. Accra
Name of publisher, distributor, etc. Parliament Of Ghana
Date of publication, distribution, etc. 28th July, 2016
300 ## - PHYSICAL DESCRIPTION
Extent 4p.;
650 ## - SUBJECT ADDED ENTRY--TOPICAL TERM
Source of heading or term Fish Stocks And Highly Migratory Fish Stocks.
942 ## - ADDED ENTRY ELEMENTS (KOHA)
Source of classification or shelving scheme Dewey Decimal Classification
Koha item type Reports
Suppress in OPAC No
Holdings
Withdrawn status Lost status Source of classification or shelving scheme Damaged status Not for loan Home library Current library Shelving location Date acquired Total checkouts Full call number Date last seen Copy number Price effective from Koha item type
    Dewey Decimal Classification     Main Library Main Library Open Shelves 02/10/2024   CR/MOS/16 Acc.no. 10,065 C1 02/10/2024 1 02/10/2024 Reports
©2026  Parliament of Ghana Library - All rights reserved